00300nam a2200121Ia 4500008004100000041000800041082001400049100001600063245003300079260003000112300001900142999001700161241015s9999 xx 000 0 und d aeng a338.5 BEN aLuis Bender aEssentials Of Microeconomics bWillford PressaUSAc2020 a229;. P. 24 cm c41609d41609